000 00418nam a2200169Ia 4500
008 230711s9999||||xx |||||||||||||| ||und||
020 _a978-161631001-1
041 _aENG
082 _a615.19
_bLE-P
100 _aLevin,Michael
245 0 _aPharmacetical process scale-up
250 _a3rd Ed.
260 _c2011
_aNew York
_bInforma Healthcare Publications
300 _a530p.
650 _aPharmacy
942 _cBK
999 _c7138
_d7138